Európske bankovníctvo od začiatku vojny na Ukrajine diplomová práca

Gespeichert in:
Bibliographische Detailangaben
1. Verfasser: Ševčík, Samo
Körperschaft: Fakulta medzinárodných vzťahov EU. Katedra medzinárodných politických vzťahov
Weitere Verfasser: Karas, Martin, 1991-
Format: Buch
Sprache:Slowakisch
Veröffentlicht: Bratislava 2025
Tags: Tag hinzufügen
Keine Tags, Fügen Sie das erste Tag hinzu!

MARC

LEADER 00000nbm a2200000 4500
001 0309540
005 20260123115054.6
041 0 |a slo 
044 |a SK 
245 1 0 |a Európske bankovníctvo od začiatku vojny na Ukrajine  |b diplomová práca  |c Samo Ševčík ; školiteľ: Martin Karas 
264 1 |a Bratislava  |c 2025 
300 |a 58 s. 
100 1 |a Ševčík, Samo 
700 1 |a Karas, Martin, 1991- 
710 2 |a Fakulta medzinárodných vzťahov EU. Katedra medzinárodných politických vzťahov